Metodología de las ciencias sociales : selección de lecturas /

Сохранить в:
Библиографические подробности
Формат:
Язык:испанский
Редактирование:2a edición
Предметы:
Метки: Добавить метку
Нет меток, Требуется 1-ая метка записи!

MARC

LEADER 00000nam^a2200000^a^4500
001 000327858
005 20250521000000.0
009 20260310113850.221
037 |a Acervo ITESO - Biblioteca 
041 |a ESP 
082 |a 300. 1  |b MET 
240 1 1 |a [Metodología de las ciencias sociales] 
245 0 0 |a Metodología de las ciencias sociales :  |b selección de lecturas / 
250 |a 2a edición 
264 |a México :  |b UNAM, Escuela Nacional de Estudios Profesionales Acatlán,  |c ca. 1982 
300 |a 355 p. 
336 |a texto  |b txt  |2 rdacontenido 
337 |a sin mediación  |b n  |2 rdamedio 
338 |a volumen  |b nc  |2 rdasoporte 
649 |a XX 
650 |a Ciencias Sociales -  |x Metodología -  |x Tema Principal 
650 |a Ciencias Sociales -  |x Teoría 
910 |a Fondo Armando Suárez Gómez 
920 |a Impresos - Libros 
930 |a Fondos Especiales 
905 |a 111 
901 |a 0700003470  |b IT2  |c ESP  |u 20250521 
902 |a https://opac.biblio.iteso.mx/vufind/Record/000327858